000 01301nam a2200361 c 4500
003 BLK
005 20241016133421.0
008 180911b bul|||||r ||||||| ||bul||
010 _a001676
040 _aBLK
041 _aBUL
_cBUL
080 _z886.7-1
100 1 _aМИХАЙЛОВСКИ, Стоян
_eпърви автор
_9398592
245 0 0 _aПоема на злото
246 _pлирика-поеми
260 _aСофия
_bК-т "Ст. Михайловски"
_c1939
_fСтоп. развитие
300 _a124 с
_c18 см
380 _a82
490 _aЧастна колекция - Академик Михаил Арнаудов
_gДарение - Основен фонд
500 _aАвтограф с текст: На г. Проф. М. Арнаудов в знак на почит Ив Богданов София, 14. Х. 1939.;
650 _aПоезия
_9166642
653 _aлирика
653 _aпоеми
655 _aбългарска литература
700 1 _aСтоян Михайловски
_9398606
700 1 _aИван Богданов
_e ред.
_9398610
852 _aМА 2017
_bМА
942 _cKNG
_n0
_s1
944 _aCR
_c1997
_k30560
_lГеновева Генчева
999 _c342042
_d342042
999 _d342042
999 _d342042
999 _d342042